<?xml version="1.0" encoding="UTF-8"?>
<record
    xmlns:xsi="http://www.w3.org/2001/XMLSchema-instance"
    xsi:schemaLocation="http://www.loc.gov/MARC21/slim http://www.loc.gov/standards/marcxml/schema/MARC21slim.xsd"
    xmlns="http://www.loc.gov/MARC21/slim">

  <leader>00647nam a22001337a 4500</leader>
  <datafield tag="040" ind1=" " ind2=" ">
    <subfield code="c">RUA</subfield>
  </datafield>
  <datafield tag="082" ind1=" " ind2=" ">
    <subfield code="a">DVM PHY 2023 B1.370 Or.</subfield>
  </datafield>
  <datafield tag="100" ind1=" " ind2=" ">
    <subfield code="a">PHY PHEAROT; &#x1797;&#x17B8; &#x1797;&#x17B6;&#x179A;&#x17C9;&#x17BC;&#x178F;</subfield>
  </datafield>
  <datafield tag="245" ind1=" " ind2=" ">
    <subfield code="a">Using Algae products in sow diets to enhance piglets perforormance; &#x1780;&#x17B6;&#x179A;&#x1794;&#x1793;&#x17D2;&#x1790;&#x1798;&#x1795;&#x179B;&#x17B7;&#x178F;&#x1795;&#x179B;&#x179F;&#x17B6;&#x179A;&#x17B6;&#x1799;&#x179F;&#x1798;&#x17BB;&#x1791;&#x17D2;&#x179A;&#x1780;&#x17D2;&#x1793;&#x17BB;&#x1784;&#x1785;&#x17C6;&#x178E;&#x17B8;&#x1798;&#x17C1;&#x1787;&#x17D2;&#x179A;&#x17BC;&#x1780; &#x1791;&#x17C5;&#x179B;&#x17BE;&#x179F;&#x17BB;&#x1781;&#x17BB;&#x1798;&#x17B6;&#x179B;&#x1797;&#x17B6;&#x1796;&#x179A;&#x1794;&#x179F;&#x17CB;&#x1780;&#x17BC;&#x1793;&#x1787;&#x17D2;&#x179A;&#x17BC;&#x1780;</subfield>
  </datafield>
  <datafield tag="260" ind1=" " ind2=" ">
    <subfield code="a">PHNOM PENH </subfield>
    <subfield code="b">RUA</subfield>
    <subfield code="c">2023</subfield>
  </datafield>
  <datafield tag="300" ind1=" " ind2=" ">
    <subfield code="a">x;</subfield>
    <subfield code="b">ill;</subfield>
    <subfield code="c">29cm,</subfield>
  </datafield>
  <datafield tag="856" ind1=" " ind2=" ">
    <subfield code="u">https://drive.google.com/file/d/16sakuRpT9uspFENT40a5IaDNACkNUxvS/view?usp=sharing</subfield>
  </datafield>
  <datafield tag="942" ind1=" " ind2=" ">
    <subfield code="c">NRM</subfield>
  </datafield>
  <datafield tag="999" ind1=" " ind2=" ">
    <subfield code="c">23625</subfield>
    <subfield code="d">23625</subfield>
  </datafield>
  <datafield tag="952" ind1=" " ind2=" ">
    <subfield code="0">0</subfield>
    <subfield code="1">0</subfield>
    <subfield code="4">0</subfield>
    <subfield code="6">DVM_PHY_2023_000000000000000_B1_370_OR_1</subfield>
    <subfield code="7">0</subfield>
    <subfield code="9">101268</subfield>
    <subfield code="a">LBB</subfield>
    <subfield code="b">LBB</subfield>
    <subfield code="d">2024-09-10</subfield>
    <subfield code="o">DVM PHY 2023 B1.370 Or.1</subfield>
    <subfield code="p">A075097</subfield>
    <subfield code="r">2024-09-10</subfield>
    <subfield code="y">NRM</subfield>
  </datafield>
  <datafield tag="952" ind1=" " ind2=" ">
    <subfield code="0">0</subfield>
    <subfield code="1">0</subfield>
    <subfield code="4">0</subfield>
    <subfield code="6">DVM_PHY_2023_000000000000000_B1_370_OR_2</subfield>
    <subfield code="7">0</subfield>
    <subfield code="9">101269</subfield>
    <subfield code="a">LBB</subfield>
    <subfield code="b">LBB</subfield>
    <subfield code="d">2024-09-10</subfield>
    <subfield code="o">DVM PHY 2023 B1.370 Or.2</subfield>
    <subfield code="p">A082275</subfield>
    <subfield code="r">2024-09-10</subfield>
    <subfield code="y">NRM</subfield>
  </datafield>
  <datafield tag="952" ind1=" " ind2=" ">
    <subfield code="0">0</subfield>
    <subfield code="1">0</subfield>
    <subfield code="4">0</subfield>
    <subfield code="6">DVM_PHY_2023_000000000000000_B1_370_OR_3</subfield>
    <subfield code="7">0</subfield>
    <subfield code="9">101270</subfield>
    <subfield code="a">LBB</subfield>
    <subfield code="b">LBB</subfield>
    <subfield code="d">2024-09-10</subfield>
    <subfield code="o">DVM PHY 2023 B1.370 Or.3</subfield>
    <subfield code="p">A082279</subfield>
    <subfield code="r">2024-09-10</subfield>
    <subfield code="y">NRM</subfield>
  </datafield>
  <datafield tag="952" ind1=" " ind2=" ">
    <subfield code="0">0</subfield>
    <subfield code="1">0</subfield>
    <subfield code="4">0</subfield>
    <subfield code="6">DVM_PHY_2023_000000000000000_B1_370_OR_4</subfield>
    <subfield code="7">0</subfield>
    <subfield code="9">101271</subfield>
    <subfield code="a">LBB</subfield>
    <subfield code="b">LBB</subfield>
    <subfield code="d">2024-09-10</subfield>
    <subfield code="o">DVM PHY 2023 B1.370 Or.4</subfield>
    <subfield code="p">A082171</subfield>
    <subfield code="r">2024-09-10</subfield>
    <subfield code="y">NRM</subfield>
  </datafield>
</record>
